000 00311nam a22001337a 4500
020 _a0-439-79666-0
082 _a823
_bWAS/U
100 _aWASSRMAN, ROBIN
245 _aUNFABULOUSKEEPIN IT REAL
260 _aUNITED STATES
_bSCHOLASTIC INC
_c2005
300 _a106
650 _aNOVEL
_zUNITED STATES
942 _cBK
999 _c2516
_d2516